'P' Celebrity Images Quiz Stats

 Plays Quiz Updated May 9, 2013

Challenge
Share
Tweet
Score 0/20 Timer 05:00
16 Plays Today
% Correct
Elvis Presley
95.8%
Brad Pitt
94.3%
Katy Perry
91.1%
Michael Phelps
87.5%
Sarah Jessica Parker
83.9%
Gwyneth Paltrow
83.7%
Dolly Parton
76.1%
Natalie Portman
74.4%
Robert Pattinson
73.2%
Al Pacino
72.5%
% Correct
Regis Philbin
63.6%
Amy Poehler
56.7%
Michelle Pfeiffer
52.2%
Freddie Prinze, Jr.
49.9%
Ellen Page
46.1%
Sidney Poitier
44.1%
Simon Pegg
39.2%
Gregory Peck
39.1%
Anna Paquin
36.3%
Bill Pullman
35.1%

You're not logged in!

Compare scores with friends on all Sporcle quizzes.
Join for Free
OR
Log In

You Might Also Like...

Show Comments

Extras

Top Quizzes Today


Score Distribution

Your Account Isn't Verified!

In order to create a playlist on Sporcle, you need to verify the email address you used during registration. Go to your Sporcle Settings to finish the process.

Report this User

Report this user for behavior that violates our Community Guidelines.

Details: